000 00591nam a2200145Ia 4500
008 210716s2003 xx 000 0 und d
020 _a8179921239
041 _aeng
082 _a658.409 ROTH
100 _aRothman, Howard.
245 _a50 companies that changed the world: incisive profiles of the 50 organizations large and small that have shaped the course of modern business.
_bIncisive profiles of the 50 organizations large and small that have shaped the course of modern business.
250 _a1
260 _aMumbai
_bJaico Publishing House
_c2003
650 _aGeneral Management
999 _c199301
_d199301